| 000 | 004980000a22001930004500 | ||
|---|---|---|---|
| 001 | 004828 | ||
| 003 | MACL | ||
| 005 | 20151003131250.0 | ||
| 008 | 151003b xxu||||| |||| 00| 0 eng d | ||
| 040 |
_aMACL _cMACL |
||
| 041 | _aEnglish | ||
| 082 | _a900.54/RAH | ||
| 100 |
_aGhosh, Aloke Kumar _913418 |
||
| 245 |
_aNorthE̜ast India _bThe Human Interface _cAloke Kumar Ghosh |
||
| 260 |
_aNew Delhi _bGyan Publishing House |
||
| 350 | _a410 | ||
| 650 |
_aGeography _913419 |
||
| 942 |
_k901 _cBK _2ddc |
||
| 999 |
_c16711 _d16711 |
||